000 00677nam a2200229 a 4500
001 BRCA_827
005 20190320203151.0
008 831221s1988 nyua---##b---#001-0beng-#
020 _a0500013500
040 _aDLC
_cDLC
_dDLC
050 4 _aNK7398
_b.N33 1988
100 1 _aNadelhoffer, Hans
_92751
245 1 0 _aCartier
_bjewelers extraordinary
_cHans Nadelhoffer.
260 _aLondres
_bThames and Hudson
_c1988
300 _a292 p.
_bil. (algunas a color)
_c31 cm.
500 _aIncluye índice alfabético
504 _aBibliografía : p. [303]
610 2 4 _aCartier (Firma)
_92752
650 1 4 _aJoyeros
_vBiografía
_zFrancia
_92753
653 0 _aJoyería
942 _2lcc
_cB
999 _c722
_d722